Príjmová základňa obcí. Zásady zabezpečenia rozpočtového hospodárenia obcí SR v roku 1992.

Systém financovania hospodárstva miest a obcí pre r. 1992 prechádza oproti r. 1991 určitými zmenami. Je budovaný na samosprávnych princípoch, na základe ktorých sa úhrada potrieb obce zabezpečuje v zásade vlastnými finančnými zdrojmi. Štruktúra vlastných príjmov obcí a neinvestičných výdavkov vynakl...

Descrizione completa

Salvato in:
Dettagli Bibliografici
Autore principale: Gábor, L.
Natura: Capitolo di libro
Lingua:slovacco
Soggetti:
Tags: Aggiungi Tag
Nessun Tag, puoi essere il primo ad aggiungerne!!

MARC

LEADER 00000naa a2200000 4500
001 r007620
005 20220831085616.1
041 0 |a slo 
044 |a [CS] 
245 1 0 |a Príjmová základňa obcí.  |b Zásady zabezpečenia rozpočtového hospodárenia obcí SR v roku 1992.  |c L. Gábor 
520 |a Systém financovania hospodárstva miest a obcí pre r. 1992 prechádza oproti r. 1991 určitými zmenami. Je budovaný na samosprávnych princípoch, na základe ktorých sa úhrada potrieb obce zabezpečuje v zásade vlastnými finančnými zdrojmi. Štruktúra vlastných príjmov obcí a neinvestičných výdavkov vynakladaných na výkon samosprávnych funkcií. 
610 2 0 |a rozpočet miestny 
610 2 0 |a obce 
610 2 0 |a Slovensko 
610 2 0 |a 1992 
610 2 0 |a hospodárenie finančné 
100 1 |a Gábor, L.